000 00626nam a2200229Ia 4500
003 OSt
005 20221007065322.0
006 a|||||r|||| 00| 0
007 ta
008 221006b |||||||| |||| 00| 0 eng d
024 _a13,090
037 _cTextual
040 _aFLL
_cFLL
_beng
041 _2eng
_aeng
082 _aV44Q7:1:N7, L0
100 _aAli Tariq Au.
_9602690
245 0 _aPakistan
_b Military rule or people's power
260 _aDelhi
_bVikas publications India
_c1970
300 _a270p
_ccm.
942 _hV44Q7:1:N7, L0
_cTEXL
_2CC
999 _c1136975
_d1136975